Marine auxiliary machinery (Record no. 5582)

000 -LEADER
fixed length control field 00295nam a2200121Ia 4500
008 - FIXED-LENGTH DATA ELEMENTS--GENERAL INFORMATION
fixed length control field 200103s2007||||xx |||||||||||||| ||und||
020 ## - INTERNATIONAL STANDARD BOOK NUMBER
International Standard Book Number 9788181473325
100 ## - MAIN ENTRY--PERSONAL NAME
Personal name McGeorge, H. D.
245 #0 - TITLE STATEMENT
Title Marine auxiliary machinery
260 ## - PUBLICATION, DISTRIBUTION, ETC. (IMPRINT)
Name of publisher, distributor, etc Elsevier
Date of publication, distribution, etc 2007
Place of publication, distribution, etc New Delhi
300 ## - PHYSICAL DESCRIPTION
Extent 514p.
942 ## - ADDED ENTRY ELEMENTS (KOHA)
Item type Books
Holdings
Withdrawn status Lost status Source of classification or shelving scheme Damaged status Not for loan Collection code Permanent location Current location Shelving location Date acquired Total Checkouts Total Renewals Barcode Date last seen Date last borrowed Koha item type Public note
          Non-fiction IMU-MPC Library IMU-MPC Library General Stacks 2020-01-08 6 6 MPCGEC367 2025-03-17 2024-11-23 Books Column - 39
Copyright © 2021 Indian Maritime University, Mumbai Port Campus. All Rights Reserved. Managed & Maintained by Central Library, IMU-Mumbai

webs counters

Powered by Koha